Normal view
MARC view
Entry Personal Name
001 - CONTROL NUMBER
- control field: 79296
003 - CONTROL NUMBER IDENTIFIER
- control field: OSt
005 - DATE AND TIME OF LATEST TRANSACTION
- control field: 20200806123832.0
008 - FIXED-LENGTH DATA ELEMENTS
- fixed length control field: 200806|| aca||aabn | a|a d
040 ## - CATALOGING SOURCE
- Original cataloging agency: OSt
- Transcribing agency: OSt
100 ## - HEADING--PERSONAL NAME
- Personal name: Awasthi , Prem Kumar
670 ## - SOURCE DATA FOUND
- Source citation: Work cat.: (OSt): Awasthi , Prem Kumar, Indian Traditions and Culture, 2018









